Central London office market : market index brief. - Quarter 1 - Quarter 2(2000) (Record no. 100497)

MARC details
000 -LEADER
fixed length control field 00635cam a2200193 4500
001 - CONTROL NUMBER
control field J612542
008 - FIXED-LENGTH DATA ELEMENTS--GENERAL INFORMATION
fixed length control field 000000n2000 000 0 eng u
035 ## - SYSTEM CONTROL NUMBER
System control number (Sirsi) u105919
050 ## - LIBRARY OF CONGRESS CALL NUMBER
Classification number 333.33709421
110 ## - MAIN ENTRY--CORPORATE NAME
Corporate name or jurisdiction name as entry element CB Hillier Parker
9 (RLIN) 3660
245 ## - TITLE STATEMENT
Title Central London office market : market index brief. - Quarter 1 - Quarter 2(2000)
260 ## - PUBLICATION, DISTRIBUTION, ETC.
Place of publication, distribution, etc. London
Name of publisher, distributor, etc. CB Hillier Parker
Date of publication, distribution, etc. 2000
300 ## - PHYSICAL DESCRIPTION
Extent 2pt.. ; 30cm.
650 ## - SUBJECT ADDED ENTRY--TOPICAL TERM
Topical term or geographic name entry element PROPERTY-COMMERCIAL PROPERTY-OFFICE PROPERTY-OFFICE PROPERTY MARKET
650 ## - SUBJECT ADDED ENTRY--TOPICAL TERM
Topical term or geographic name entry element OFFICES
650 ## - SUBJECT ADDED ENTRY--TOPICAL TERM
Topical term or geographic name entry element CENTRAL LONDON
690 ## - LOCAL SUBJECT ADDED ENTRY--TOPICAL TERM (OCLC, RLIN)
Topical term or geographic name as entry element PROPERTY-COMMERCIAL PROPERTY-COMMERCIAL PROPERTY MARKET
942 ## - ADDED ENTRY ELEMENTS (KOHA)
Suppress in OPAC 0
Holdings
Withdrawn status Lost status Source of classification or shelving scheme Damaged status Not for loan Home library Current library Shelving location Date acquired Total Checkouts Full call number Barcode Date last seen Date last checked out Copy number Price effective from Koha item type
    Dewey Decimal Classification     London London Property market reports 10/05/2000 1 PROPERTY MARKET REPORTS 30061254 06/08/2019 04/08/2000 1 06/08/2019 Book
    Dewey Decimal Classification     London London Property market reports 08/08/2000 2 PROPERTY MARKET REPORTS 30062074 06/08/2019 11/01/2001 2 06/08/2019 Book